| 000 | 00646ntaaa2200217 4500 | ||
|---|---|---|---|
| 003 | 01 | ||
| 005 | 20251027203015.0 | ||
| 008 | 0714s1973 ag 01 | ||
| 040 |
_aAR-BaBN _bspa _cAR-BaBN _eaacr _dRIC |
||
| 082 | _a423.6000 C26 | ||
| 245 | _aSpanish Dictionary | ||
| 250 | _a1 ed. | ||
| 260 |
_aChicago : _bUniversity of Chicago Press, _cc1948 |
||
| 300 | _axxxvi, 226 p, xvii, 250 p | ||
| 500 | _aFalta según inventario 1987. Juego de fichas retirado en 1989 | ||
| 650 | _ainglés-español-diccionario | ||
| 650 |
_adiccionario-español-inglés _931156 |
||
| 700 |
_aCastillo, Carlos _917962 |
||
| 700 |
_aBond, Otto _931157 |
||
| 942 | _cBK | ||
| 999 |
_c25522 _d25522 |
||